Sociología de la explotación

Guardat en:
Dades bibliogràfiques
Autor principal: González Casanova, Pablo (Autor)
Format: Llibre
Idioma:espanyol
Publicat: Ciudad de México Siglo Veintiuno 1969
Col·lecció:El Mundo del Hombre. Sociología y Política
Matèries:
Etiquetes: Afegir etiqueta
Sense etiquetes, Sigues el primer a etiquetar aquest registre!

MARC

LEADER 00000nam a2200000 a 4500
001 UCZ5428
003 CL-VaPUC
008 951117e19690000MX |||||||||||||||||spa|d
082 0 4 |a 306.362  |b GON  |2 21 
100 |a González Casanova, Pablo  |e author  |9 597261 
245 1 0 |a Sociología de la explotación 
300 |a 291 p 
942 |c BK 
945 |d 19951117 00:00:00  |a lriquelm 
260 |a Ciudad de México  |b Siglo Veintiuno  |c 1969 
650 0 |a Esclavitud  |9 323605 
650 0 |a Opresión   |9 349344 
650 0 |a Ciencias Políticas  |9 255201 
650 0 |a Problemas sociales  |9 258537 
650 0 |a Desigualdad social  |9 349409 
650 7 |a DESVENTAJA SOCIAL  |2 CL-VaPUC  |9 321790 
650 0 |a Sociedad contemporánea  |9 337179 
583 |a last modification  |c 19951117 00:00:00  |k Rodrigo Vera 
490 0 |a El Mundo del Hombre. Sociología y Política 
999 |c 241746  |d 241744 
952 |0 0  |1 0  |4 0  |6 306_362000000000000_GON_1969  |7 0  |8 P  |9 254194  |a BIBEDU  |b BIBEDU  |c BIBEDU_PB  |d 2019-11-19  |i 1575686  |o 306.362 GON 1969  |p 1575686  |r 2019-11-19  |w 2019-11-19  |y BK  |k FIL